[Event "EU-ch Amateur Online Final 2000/2300"]
[Site "Tornelo INT"]
[Date "2021.04.28"]
[Round "1"]
[White "Papasimakopoulos, Alexandros"]
[Black "Schoeneshoefer, Adrian"]
[Result "1-0"]
[WhiteElo "2251"]
[BlackElo "1945"]
[PlyCount "67"]
[EventDate "2021.04.28"]
[EventType "swiss (rapid)"]
[EventRounds "9"]
[EventCountry "NET"]
[SourceTitle "EXT 2023"]
[Source "ChessBase"]
[SourceDate "2022.10.05"]
[SourceVersion "1"]
[SourceVersionDate "2022.10.05"]
[SourceQuality "1"]

1. d4 Nf6 2. c4 e6 3. Nc3 d5 4. cxd5 exd5 5. Bg5 Be7 6. e3 0-0 7. Qc2 c6 8. Bd3 h6 9. Bh4 Nbd7 10. Nf3 Re8 11. h3 Nf8 12. 0-0 Be6 13. Rab1 Rc8 14. b4 a6 15. Na4 b5 16. Bxf6 Bxf6 17. Nc5 a5 18. Nb7 Qd7 19. Nxa5 Bxh3 20. gxh3 Qxh3 21. Nh2 Ne6 22. Bf5 Qh4 23. Kh1 Be7 24. Bxe6 fxe6 25. f4 Qh3 26. Rf3 Qh5 27. a3 Bf6 28. Rg1 Kh8 29. Qg6 Qxg6 30. Rxg6 Kh7 31. Rg2 Re7 32. Ng4 Rf7 33. Rc2 Rfc7 34. Rf1 1-0

[Event "EU-ch Amateur Online Final 1700/2000"]
[Site "Tornelo INT"]
[Date "2021.04.25"]
[Round "8"]
[White "Schoeneshoefer, Adrian"]
[Black "Ntouvelos, Ioannis"]
[Result "1-0"]
[WhiteElo "1945"]
[BlackElo "1547"]
[PlyCount "89"]
[EventDate "2021.04.25"]
[EventType "swiss (rapid)"]
[EventRounds "9"]
[EventCountry "NET"]
[SourceTitle "EXT 2023"]
[Source "ChessBase"]
[SourceDate "2022.10.05"]
[SourceVersion "1"]
[SourceVersionDate "2022.10.05"]
[SourceQuality "1"]

1. e4 e6 2. d4 d5 3. exd5 exd5 4. c4 Nf6 5. Nc3 Bb4 6. Nf3 0-0 7. Bd3 Re8+ 8. Be3 dxc4 9. Bxc4 Be6 10. Bxe6 Rxe6 11. 0-0 Ng4 12. Qb3 c5 13. Bg5 Qc8 14. h3 Nf6 15. dxc5 Bxc5 16. Rac1 Nbd7 17. Na4 b6 18. Be3 Ne4 19. Rfd1 Qe8 20. Nxc5 Ndxc5 21. Qa3 a5 22. Nd4 Rg6 23. Nf3 h6 24. Bxc5 Nxc5 25. Re1 Qc8 26. Ne5 Re6 27. Qf3 Rf6 28. Qg3 Qf5 29. Ng4 Rg6 30. Re5 Qd7 31. Qf3 Qd2 32. Qxa8+ Kh7 33. Rf1 Nd3 34. Re8 Rg5 35. Rh8+ Kg6 36. Qe4+ Kh5 37. Rd8 f5 38. Qxd3 Qxd3 39. Rxd3 fxg4 40. hxg4+ Rxg4 41. Rfd1 Rb4 42. R1d2 a4 43. Rd4 Rb5 44. Rd5+ Rxd5 45. Rxd5+ 1-0

[Event "EU-ch Amateur Online 1700/2000"]
[Site "Tornelo INT"]
[Date "2021.04.24"]
[Round "7"]
[White "Schoeneshoefer, Adrian"]
[Black "Sitsanis, Nikolaos1111"]
[Result "0-1"]
[WhiteElo "1945"]
[BlackElo "1660"]
[PlyCount "106"]
[EventDate "2021.04.24"]
[EventType "swiss (rapid)"]
[EventRounds "8"]
[EventCountry "NET"]
[SourceTitle "EXT 2023"]
[Source "ChessBase"]
[SourceDate "2022.10.05"]
[SourceVersion "1"]
[SourceVersionDate "2022.10.05"]
[SourceQuality "1"]

1. e4 c5 2. Nf3 d6 3. c3 Nf6 4. h3 g6 5. Bd3 Bg7 6. Bc2 0-0 7. d4 Nbd7 8. 0-0 b6 9. e5 dxe5 10. dxe5 Ne8 11. e6 fxe6 12. Bb3 Kh8 13. Bxe6 Nc7 14. Bb3 Ne5 15. Nxe5 Bxe5 16. Bh6 Bg7 17. Bxg7+ Kxg7 18. Qe2 Qd6 19. Re1 e6 20. Nd2 Ba6 21. c4 Bb7 22. Rad1 Rad8 23. Ne4 Qe5 24. Rxd8 Rxd8 25. Nc3 Qxe2 26. Rxe2 Kf6 27. f4 Rd4 28. g3 Rd3 29. Kf2 Rf3+ 30. Kg1 Rxg3+ 31. Kh2 Rf3 32. Nb5 Nxb5 33. cxb5 Bd5 34. Bxd5 exd5 35. Kg2 Rxf4 36. Re8 Re4 37. Ra8 Re7 38. Kf3 Ke5 39. Ke3 d4+ 40. Kd3 Kf4 41. b4 cxb4 42. Kxd4 Rd7+ 43. Kc4 Kg3 44. Kxb4 Kxh3 45. Re8 g5 46. a4 g4 47. Re6 g3 48. Rh6+ Kg2 49. Rh5 Kg1 50. a5 g2 51. axb6 axb6 52. Rh6 Rf7 53. Rf6 Rxf6 0-1

[Event "Dortmund Sparkassen op 47th"]
[Site "Dortmund"]
[Date "2019.07.19"]
[Round "7"]
[White "Yin, Haode"]
[Black "Schoeneshoefer, Adrian"]
[Result "1-0"]
[WhiteElo "1652"]
[BlackElo "1884"]
[PlyCount "129"]
[EventDate "2019.07.13"]
[EventType "swiss"]
[EventRounds "9"]
[EventCountry "GER"]
[SourceTitle "EXT 2020"]
[Source "ChessBase"]
[SourceDate "2019.10.17"]
[SourceVersion "1"]
[SourceVersionDate "2019.10.17"]
[SourceQuality "1"]

1. d4 Nf6 2. Nf3 g6 3. g3 Bg7 4. Bg2 0-0 5. 0-0 d6 6. c4 a6 7. Nc3 Nc6 8. e4 Rb8 9. a3 Ne8 10. Be3 b5 11. cxb5 axb5 12. b4 Bd7 13. Qd3 Na7 14. d5 Nc8 15. Bd4 Nf6 16. Rac1 c6 17. dxc6 Bxc6 18. Bxf6 Bxf6 19. Nd4 Bxd4 20. Qxd4 Nb6 21. Nd5 Bd7 22. Rc3 Nxd5 23. exd5 Qb6 24. Qxb6 Rxb6 25. Rc7 Rd8 26. Re1 Kf8 27. h4 h5 28. Kh2 Ra6 29. Bh3 f5 30. Re3 Ke8 31. Bf1 Rb8 32. Be2 Kd8 33. Rcc3 Raa8 34. Kg1 Rc8 35. Kf1 Rxc3 36. Rxc3 Rb8 37. Re3 Rc8 38. Ke1 Rc1+ 39. Kd2 Rc7 40. Rc3 Rb7 41. Re3 Ke8 42. f4 Kf7 43. Bd1 Ra7 44. Be2 Kf6 45. Ke1 Rb7 46. Bd1 e6 47. dxe6 Bxe6 48. Bb3 d5 49. Re5 Ra7 50. Bxd5 Bxd5 51. Rxd5 Rxa3 52. Kf2 Ra2+ 53. Ke3 Ke6 54. Rxb5 Ra6 55. Kd4 Kd6 56. Rc5 Ra3 57. Rc3 Ra1 58. Kd3 Ra2 59. Kc4 Ra8 60. b5 Kc7 61. Kb4+ Kb7 62. Rc6 Rg8 63. Kc5 Rg7 64. Kd5 Rd7+ 65. Ke5 1-0

[Event "Dortmund Sparkassen op 47th"]
[Site "Dortmund"]
[Date "2019.07.16"]
[Round "4"]
[White "Conrad, Joachim"]
[Black "Schoeneshoefer, Adrian"]
[Result "1-0"]
[WhiteElo "2068"]
[BlackElo "1884"]
[PlyCount "78"]
[EventDate "2019.07.13"]
[EventType "swiss"]
[EventRounds "9"]
[EventCountry "GER"]
[SourceTitle "EXT 2020"]
[Source "ChessBase"]
[SourceDate "2019.10.17"]
[SourceVersion "1"]
[SourceVersionDate "2019.10.17"]
[SourceQuality "1"]

1. d4 Nf6 2. Nf3 d5 3. e3 e6 4. Bd3 c5 5. b3 Bd6 6. Bb2 0-0 7. 0-0 b6 8. Nbd2 Bb7 9. Ne5 Nbd7 10. f4 Ne4 11. Nxe4 dxe4 12. Bb5 Nf6 13. Qe1 a6 14. Be2 Nd5 15. Qg3 f6 16. Nc4 Be7 17. Bg4 f5 18. Be2 Bh4 19. Qh3 Bf6 20. Ne5 Bxe5 21. dxe5 Qe8 22. a3 Qg6 23. c4 Ne7 24. Rad1 Rad8 25. Rd6 Nc8 26. Rdd1 Qf7 27. g4 Ne7 28. Kf2 g6 29. Qh4 Bc6 30. Rd6 b5 31. Rfd1 Rb8 32. R1d2 bxc4 33. bxc4 Rbc8 34. Qf6 fxg4 35. Bxg4 Nf5 36. Rxe6 Qb7 37. Qg5 Ng7 38. Red6 Nf5 39. Bxf5 Rxf5 1-0

[Event "Dortmund Sparkassen op 47th"]
[Site "Dortmund"]
[Date "2019.07.14"]
[Round "2"]
[White "Schoeneshoefer, Adrian"]
[Black "Boehm, Juergen1111"]
[Result "1/2-1/2"]
[WhiteElo "1884"]
[BlackElo "2175"]
[PlyCount "33"]
[EventDate "2019.07.13"]
[EventType "swiss"]
[EventRounds "9"]
[EventCountry "GER"]
[SourceTitle "EXT 2020"]
[Source "ChessBase"]
[SourceDate "2019.10.17"]
[SourceVersion "1"]
[SourceVersionDate "2019.10.17"]
[SourceQuality "1"]

1. e4 e6 2. d4 d5 3. exd5 exd5 4. Nf3 Bd6 5. c4 dxc4 6. Bxc4 Nf6 7. h3 0-0 8. 0-0 Nbd7 9. Nc3 Nb6 10. Bb3 c6 11. Bg5 h6 12. Be3 Bf5 13. Nh4 Bh7 14. Qf3 Ne8 15. Qg4 Nf6 16. Qf3 Ne8 17. Qg4 1/2-1/2

[Event "Hamburg-ch MB"]
[Site "Hamburg"]
[Date "2018.05.26"]
[Round "8"]
[White "Schoeneshoefer, Adrian"]
[Black "Von Elsner, Mathias"]
[Result "1/2-1/2"]
[WhiteElo "1832"]
[BlackElo "1802"]
[PlyCount "63"]
[EventDate "2018.05.19"]
[EventType "swiss"]
[EventRounds "9"]
[EventCountry "GER"]
[SourceTitle "EXT 2020"]
[Source "ChessBase"]
[SourceDate "2019.10.17"]
[SourceVersion "1"]
[SourceVersionDate "2019.10.17"]
[SourceQuality "1"]

1. e4 c6 2. d4 d5 3. exd5 cxd5 4. c4 Nf6 5. Nc3 e6 6. Bg5 Bb4 7. Qa4+ Nc6 8. cxd5 Qxd5 9. Bxf6 Bxc3+ 10. bxc3 Qe4+ 11. Be2 gxf6 12. Kf1 Bd7 13. Rd1 Ne7 14. Qb3 Bc6 15. Bf3 Qf5 16. Bxc6+ bxc6 17. Qb7 Qb5+ 18. Qxb5 cxb5 19. Rb1 a6 20. a4 Nd5 21. Ne2 0-0 22. Ke1 Rfc8 23. Kd2 bxa4 24. Kd3 a5 25. Ra1 Rab8 26. Rhb1 Rb3 27. Rxb3 axb3 28. c4 b2 29. Rb1 Nb4+ 30. Kc3 Nd5+ 31. Kd3 Nb4+ 32. Kc3 1/2-1/2

[Event "Hamburg-ch MB"]
[Site "Hamburg"]
[Date "2018.05.19"]
[Round "1"]
[White "Schoeneshoefer, Adrian"]
[Black "Lansky, Georg"]
[Result "1-0"]
[WhiteElo "1832"]
[BlackElo "1935"]
[PlyCount "60"]
[EventDate "2018.05.19"]
[EventType "swiss"]
[EventRounds "9"]
[EventCountry "GER"]
[SourceTitle "EXT 2020"]
[Source "ChessBase"]
[SourceDate "2019.10.17"]
[SourceVersion "1"]
[SourceVersionDate "2019.10.17"]
[SourceQuality "1"]

1. e4 e6 2. d4 d5 3. exd5 exd5 4. c4 Nf6 5. Nc3 Be7 6. Nf3 0-0 7. h3 c6 8. Bd3 dxc4 9. Bxc4 Nbd7 10. 0-0 Nb6 11. Bd3 Nbd5 12. Re1 h6 13. Nxd5 Nxd5 14. Ne5 Bf6 15. a3 Be6 16. Bc2 Ne7 17. g4 Bxe5 18. Rxe5 Bc4 19. b3 Ba6 20. Bb2 Nd5 21. Qf3 g6 22. Be4 Nf6 23. d5 Nxe4 24. Qxe4 cxd5 25. Rxd5 Qb6 26. Qe5 f6 27. Qe4 Kg7 28. Rad1 Qc6 29. h4 Rae8 30. Rd7+ Rf7 1-0

[Event "Hamburg-chT Landesliga 1718"]
[Site "Hamburg"]
[Date "2018.04.22"]
[Round "9.8"]
[White "Ziller, Christian"]
[Black "Schoeneshoefer, Adrian"]
[Result "1-0"]
[WhiteElo "2071"]
[BlackElo "1831"]
[PlyCount "59"]
[EventDate "2017.10.08"]
[EventType "team-tourn"]
[EventRounds "9"]
[EventCountry "GER"]
[SourceTitle "EXT 2021"]
[Source "ChessBase"]
[SourceDate "2020.10.23"]
[SourceVersion "1"]
[SourceVersionDate "2020.10.23"]
[SourceQuality "1"]
[WhiteTeam "St Pauli III"]
[BlackTeam "Hamburg Weisse Dame"]
[WhiteTeamCountry "GER"]
[BlackTeamCountry "GER"]

1. d4 Nf6 2. Nf3 g6 3. Bf4 Bg7 4. Nbd2 d5 5. e3 0-0 6. h3 Nbd7 7. Bd3 c5 8. c3 b6 9. Qe2 Bb7 10. Ne5 Ne4 11. Nxd7 Qxd7 12. h4 f6 13. 0-0-0 Nxd2 14. Rxd2 c4 15. Bc2 b5 16. e4 e6 17. e5 f5 18. h5 Rfb8 19. hxg6 hxg6 20. g4 Qf7 21. gxf5 gxf5 22. Rdd1 Kf8 23. Rdg1 Ke7 24. Rh7 Rg8 25. Qe3 Raf8 26. Bd1 Kd8 27. Qg3 Bxe5 28. Rxf7 Rxg3 29. Rxf8+ Ke7 30. Bxg3 1-0

[Event "Hamburg-ch cand"]
[Site "Hamburg"]
[Date "2016.05.19"]
[Round "6"]
[White "Schoeneshoefer, Adrian"]
[Black "Weis, Hans Juergen"]
[Result "1/2-1/2"]
[WhiteElo "1838"]
[BlackElo "1570"]
[PlyCount "58"]
[EventDate "2016.05.14"]
[EventType "swiss"]
[EventRounds "9"]
[EventCountry "GER"]
[SourceTitle "EXT 2018"]
[Source "ChessBase"]
[SourceDate "2017.10.13"]
[SourceVersion "1"]
[SourceVersionDate "2017.10.13"]
[SourceQuality "1"]

1. e4 e5 2. f4 d6 3. Nf3 Be7 4. Bc4 Nf6 5. d3 Nc6 6. 0-0 0-0 7. f5 d5 8. exd5 Nxd5 9. Qe2 Re8 10. Bxd5 Qxd5 11. Nc3 Bc5+ 12. Kh1 Qd7 13. Ng1 Nd4 14. Qg4 Nxf5 15. Ne4 Be7 16. Bg5 Nh6 17. Qh4 Bxg5 18. Qxg5 Kh8 19. Nf6 Qe7 20. Qh5 gxf6 21. Qxh6 f5 22. Nf3 Rg8 23. Rae1 f6 24. Nh4 Rg5 25. Nf3 Rg6 26. Qd2 Bd7 27. Nd4 Rag8 28. Nxf5 Bxf5 29. Rxf5 Qe6 1/2-1/2

[Event "Hamburg-ch cand"]
[Site "Hamburg"]
[Date "2016.05.14"]
[Round "1"]
[White "Schoeneshoefer, Adrian"]
[Black "Schulz, Hans Juergen"]
[Result "1/2-1/2"]
[WhiteElo "1838"]
[BlackElo "1935"]
[PlyCount "56"]
[EventDate "2016.05.14"]
[EventType "swiss"]
[EventRounds "9"]
[EventCountry "GER"]
[SourceTitle "EXT 2018"]
[Source "ChessBase"]
[SourceDate "2017.10.13"]
[SourceVersion "1"]
[SourceVersionDate "2017.10.13"]
[SourceQuality "1"]

1. c4 e5 2. g3 Nf6 3. Nc3 d5 4. cxd5 Nxd5 5. Bg2 Nb6 6. Nf3 Nc6 7. 0-0 Be7 8. d3 0-0 9. b3 Be6 10. Bb2 f5 11. Rc1 Bf6 12. Nd2 Qe8 13. Nb5 Rf7 14. f4 a6 15. Na3 Nd5 16. Nc2 exf4 17. Bxf6 Rxf6 18. Bxd5 Bxd5 19. Rxf4 g5 20. Rf2 Qe7 21. e4 fxe4 22. Rxf6 Qxf6 23. dxe4 Be6 24. Qf1 Qe5 25. Nf3 Qxe4 26. Nxg5 Qg6 27. Nxe6 Qxe6 28. Re1 Qf7 1/2-1/2